000
00279nam a22001217a 4500
020
_a
0201634465
082
_2
22
_a
005.1
100
_a
Box, Don.
245
_a
Essential COM /
260
_a
USA,
_b
Addison Werley,
_c
c1998.
300
_a
xxiii, 440p.
_b
ill. ;
_c
23 cm.
942
_2
ddc
_c
IT
999
_c
1443
_d
1443